| 000 | 02542nam a2200205Ia 4500 | ||
|---|---|---|---|
| 003 | Ost | ||
| 005 | 20260507075309.0 | ||
| 008 | 260507s9999||||xx |||||||||||||| ||und|| | ||
| 040 | _cfsecg | ||
| 041 | _aara | ||
| 082 | _a330 | ||
| 100 |
_aمغبغب، نعيم _eمؤلف |
||
| 245 | 0 |
_aنظريات في القوانين المصرفية و الادارية و المدنية : _bدراسة في القانون و المدنية / _c نعيم مغبغب |
|
| 260 |
_aلبنان: _bمنشورات الحلبي, _c2008 |
||
| 300 |
_a256 صفحة؛ _c25 سم |
||
| 520 | _aالسرية المصرفية : تبريراتها ، محاذير دفعها و عدم إساءة استعمالها مع تعليق على استشارة قانونية حول الحساب المشترك و دفع السرية المصرفية و تعليق على قرار مجلس شورى الدولة رقم 410الصادر بتاريخ 18/10/1983 هل يعتبر المصرف الاجنبي الأم زبونا لدى فرعه في لبنان محميا بالسرية المصرفية و تعليق على قرار مجلس شورى حول السرية المصرفية و ضريبة رسم الانتقال كما تم تناول بعض المبادئ المصرفية ، قانون مكافحة تبييض الاموال ماله و ماعليه و كذلك تعديل الاسعار في الالتزامات العامة و التفريق بين نظرية غير المنظورو نظرية الاعباء غير المرتقبة في الميدان الخاص و الجديد في تطبيق نتائج القوة القاهرة كما تناول الكتاب متفرقات متمثلة في : هل تعتبر سرية الاعمال في المؤسسة بمثابة سرية الحياة الخاصة للافراد، هل يتمتع قانون الصناعة بكيان مستقل ، تمييز الاعمال الصناعية عن الاعمال التجارية ، المعلومات الممنوعة في الكومبيوتر و الانترنيت و ضرورة استصدار قوانين بشأنها ، درس المشاريع الخاصة من قبل الكليات الجامعية ، كيف نحمي المؤسسات من قانون الايجارات ، بطاقة الاعتماد ، مفهوم البطاقة و أنواعها ، الاطار الفعلي للوسائل الالكترونية و الوساطة المالية . | ||
| 653 | _aالقانون الاداري | ||
| 653 | _aالقانون المدني | ||
| 942 | _cكتاب | ||
| 999 |
_c43837 _d43837 |
||